[Event "Wch U16 Girls"]
[Site "Khanty-Mansiysk"]
[Date "2016.10.03"]
[Round "11"]
[White "Limanovska, Elizabete"]
[Black "Krapivina, Galina"]
[Result "1-0"]
[WhiteElo "1870"]
[BlackElo "1834"]
[PlyCount "73"]
[EventDate "2016.09.22"]
[EventType "swiss"]
[EventRounds "11"]
[EventCountry "RUS"]
[SourceTitle "EXT 2017"]
[Source "ChessBase"]
[SourceDate "2016.10.25"]
[SourceVersion "1"]
[SourceVersionDate "2016.10.25"]
[SourceQuality "1"]

1. e4 e6 2. d4 d5 3. Nd2 dxe4 4. Nxe4 Bd7 5. Nf3 Bc6 6. Bd3 Nd7 7. 0-0 Ngf6 8. Ng3 Be7 9. Re1 0-0 10. c4 Bxf3 11. Qxf3 c6 12. Bd2 Nb6 13. Ne2 Qd7 14. b3 Rad8 15. Bc3 Ne8 16. Rad1 Bf6 17. Bc2 Nc7 18. Nf4 Qe7 19. Nh5 Nd7 20. Qd3 g6 21. Nxf6+ Nxf6 22. f4 Nh5 23. Qf3 Qd6 24. g3 f6 25. Kh1 Ng7 26. g4 Qd7 27. Bb2 b5 28. Be4 bxc4 29. bxc4 c5 30. dxc5 Qa4 31. Rxd8 Rxd8 32. Bxf6 Rb8 33. f5 Qxa2 34. fxg6 hxg6 35. Bxg6 Rb3 36. Qf4 Qa5 37. Rf1 1-0

[Event "Wch U16 Girls"]
[Site "Khanty-Mansiysk"]
[Date "2016.09.28"]
[Round "6"]
[White "Krapivina, Galina"]
[Black "Bauyrzhan, Arnash"]
[Result "0-1"]
[WhiteElo "1834"]
[BlackElo "1904"]
[PlyCount "98"]
[EventDate "2016.09.22"]
[EventType "swiss"]
[EventRounds "11"]
[EventCountry "RUS"]
[SourceTitle "EXT 2017"]
[Source "ChessBase"]
[SourceDate "2016.10.25"]
[SourceVersion "1"]
[SourceVersionDate "2016.10.25"]
[SourceQuality "1"]

1. e4 c5 2. Nf3 e6 3. d4 cxd4 4. Nxd4 a6 5. Bd3 Nc6 6. Nb3 Nf6 7. 0-0 d5 8. Qe2 dxe4 9. Bxe4 Nxe4 10. Qxe4 Bd6 11. Nc3 0-0 12. Bf4 e5 13. Be3 Be6 14. Nc5 Bxc5 15. Bxc5 f5 16. Qe2 Re8 17. a4 Qa5 18. Bd6 Nd4 19. Qxe5 Qxe5 20. Bxe5 Nxc2 21. Rac1 Bc4 22. f4 Bxf1 23. Rxc2 Bd3 24. Rd2 Rad8 25. Kf2 Bc4 26. Rc2 Bb3 27. Re2 Rd7 28. Ke1 Red8 29. h3 Bc4 30. Rc2 b5 31. axb5 axb5 32. g3 b4 33. Ne2 Bxe2 34. Rxe2 Rd1+ 35. Kf2 R1d2 36. Ke1 Rxe2+ 37. Kxe2 Kf7 38. Ke3 Ke6 39. Kf2 g6 40. Ke2 Kd5 41. Kd3 Rc8 42. Bd4 Rc1 43. Be3 Rh1 44. h4 Rh2 45. Bd2 b3 46. Kc3 Re2 47. Kd3 Rg2 48. Be1 Rxb2 49. Kc3 Re2 0-1

[Event "Pardubice Czech op-J 27th"]
[Site "Pardubice"]
[Date "2016.07.17"]
[Round "4"]
[White "Krapivina, Galina"]
[Black "Radovanovic, Jovica"]
[Result "0-1"]
[WhiteElo "1953"]
[BlackElo "2339"]
[PlyCount "58"]
[EventDate "2016.07.15"]
[EventType "swiss"]
[EventRounds "7"]
[EventCountry "CZE"]
[SourceTitle "EXT 2017"]
[Source "ChessBase"]
[SourceDate "2016.10.25"]
[SourceVersion "1"]
[SourceVersionDate "2016.10.25"]
[SourceQuality "1"]

1. e4 c5 2. Nf3 d6 3. d4 cxd4 4. Nxd4 Nf6 5. Nc3 Nc6 6. Be3 Ng4 7. Qd2 Nxe3 8. Qxe3 e6 9. Bc4 Be7 10. 0-0 0-0 11. Rad1 Qc7 12. Kh1 a6 13. a4 Bd7 14. f4 Nxd4 15. Qxd4 Bf6 16. Qxd6 Qxc4 17. Qxd7 Bxc3 18. bxc3 Qxe4 19. Rd3 g6 20. Qd4 Qe2 21. Rc1 Rac8 22. h3 Rc7 23. Qb6 Rc4 24. Rd4 Rxc3 25. Qxb7 Qf2 26. Qe4 Re3 27. Qc6 Rxh3+ 28. gxh3 Qxd4 29. Qxa6 Qe4+ 0-1

[Event "Pardubice Infinity op 25th"]
[Site "Pardubice"]
[Date "2014.07.11"]
[Round "1"]
[White "Rozhkov, Viacheslav"]
[Black "Krapivina, Galina"]
[Result "1-0"]
[WhiteElo "2327"]
[BlackElo "1714"]
[PlyCount "91"]
[EventDate "2014.07.11"]
[EventType "swiss"]
[EventRounds "7"]
[EventCountry "CZE"]
[SourceTitle "EXT 2015"]
[Source "ChessBase"]
[SourceDate "2014.11.20"]
[SourceVersion "1"]
[SourceVersionDate "2014.11.20"]
[SourceQuality "1"]

1. e4 e6 2. d4 d5 3. e5 c5 4. c3 Qb6 5. Nf3 cxd4 6. cxd4 Bd7 7. Nc3 Bb4 8. Bd3 Bb5 9. 0-0 Bxd3 10. Qxd3 Bxc3 11. bxc3 Qa6 12. Qe3 Ne7 13. a4 Nbc6 14. Ba3 0-0 15. Nd2 Nf5 16. Qh3 Rfc8 17. g4 Nh6 18. Rae1 Qxa4 19. Bc1 Qc2 20. Nf3 Qg6 21. Ng5 Ne7 22. f4 Nxg4 23. Qxg4 h6 24. Ba3 Nf5 25. Rf3 hxg5 26. fxg5 Qh7 27. Rh3 Qg6 28. Rf1 f6 29. exf6 gxf6 30. Kh1 Kf7 31. Qf4 Qxg5 32. Rg1 e5 33. Rxg5 exf4 34. Rxf5 Rc4 35. Rxd5 Ra4 36. Bb2 Ra2 37. Rh7+ Ke6 38. Rb5 f3 39. Rh3 a5 40. Rxf3 a4 41. Re3+ Kd6 42. c4 a3 43. Bc1 Ra1 44. Re1 Kd7 45. Rxb7+ Kc6 46. Rbe7 1-0

[Event "EU School-ch U11 Girls"]
[Site "Kallithea"]
[Date "2012.06.18"]
[Round "7"]
[White "Papaefstratiou, Despina"]
[Black "Krapivina, Galina"]
[Result "0-1"]
[WhiteElo "1252"]
[BlackElo "1697"]
[PlyCount "90"]
[EventDate "2012.06.13"]
[EventType "swiss"]
[EventRounds "9"]
[EventCountry "GRE"]
[SourceTitle "EXT 2024"]
[Source "ChessBase"]
[SourceDate "2023.10.10"]
[SourceVersion "1"]
[SourceVersionDate "2023.10.10"]
[SourceQuality "1"]

1. e4 e5 2. Bc4 Nc6 3. c3 Nf6 4. d3 Be7 5. Bb3 d6 6. Nf3 Bg4 7. Nbd2 h6 8. 0-0 0-0 9. h3 Bh5 10. Re1 Re8 11. Nf1 Bf8 12. Ng3 Bg6 13. Be3 d5 14. Nh4 Bh7 15. Bc2 dxe4 16. dxe4 Qxd1 17. Raxd1 Rad8 18. Rxd8 Rxd8 19. Rd1 Rxd1+ 20. Bxd1 Nxe4 21. Nxe4 Bxe4 22. f3 Bb1 23. Bb3 g5 24. Ng6 Bxg6 25. g3 a6 26. f4 Be7 27. fxe5 Nxe5 28. Kf2 Nd3+ 29. Kf3 Nxb2 30. Bd5 c6 31. Be4 Nd3 32. Bxg6 Ne5+ 33. Ke4 Nxg6 34. Kf5 b5 35. Bb6 c5 36. Ke4 c4 37. Kd5 Bf6 38. Ba5 Ne7+ 39. Kc5 Nf5 40. g4 Ne3 41. Kb6 Bxc3 42. Kxa6 Bxa5 43. Kxa5 c3 44. Kxb5 c2 45. a4 c1Q 0-1